000 00274nam a22001217a 4500
008 170628b xxu||||| |||| 00| 0 eng d
041 _aeng
080 _a82
100 _a21
101 _aGJL
245 _aTHE LITTLE , BROWN BOOK OF ANECDOTES
_cFADIMAN,C
942 _2udc
_cBK
999 _c19380
_d19380